Engineering Chemistry (Record no. 325901)

000 -LEADER
fixed length control field 00297 a2200133 4500
001 - CONTROL NUMBER
control field 90828
082 ## - DEWEY DECIMAL CLASSIFICATION NUMBER
Classification number 660.2 BHA
090 ## - LOCALLY ASSIGNED LC-TYPE CALL NUMBER (OCLC); LOCAL CALL NUMBER (RLIN)
-- 43000
-- 43000
100 ## - MAIN ENTRY--PERSONAL NAME
Personal name S.H.Bhatia
245 ## - TITLE STATEMENT
Title Engineering Chemistry
250 ## - EDITION STATEMENT
Edition statement First
260 ## - PUBLICATION, DISTRIBUTION, ETC.
Place of publication, distribution, etc. India
Name of publisher, distributor, etc. CBS publishers
Date of publication, distribution, etc. 2001
300 ## - PHYSICAL DESCRIPTION
Extent 880p,xxiv
942 ## - ADDED ENTRY ELEMENTS (KOHA)
Institution code [OBSOLETE] CAE NUST
Koha item type
Call number prefix 660.2 BHA
Holdings
Withdrawn status Lost status Damaged status Not for loan Collection code Permanent Location Current Location Date acquired Total Checkouts Full call number Barcode Date last seen Price effective from Koha item type
          College of Aeronautical Engineering (CAE) College of Aeronautical Engineering (CAE) 04/03/2017   660.2 BHA CAE87139 04/05/2017 04/05/2017 Book
© 2023 Central Library, National University of Sciences and Technology. All Rights Reserved.